भारताचे संविधान, Constitution of India (Record no. 370399)
[ view plain ]
| 000 -LEADER | |
|---|---|
| fixed length control field | 00828nam a22001937a 4500 |
| 003 - CONTROL NUMBER IDENTIFIER | |
| control field | OSt |
| 005 - DATE AND TIME OF LATEST TRANSACTION | |
| control field | 20260211102936.0 |
| 008 - FIXED-LENGTH DATA ELEMENTS--GENERAL INFORMATION | |
| fixed length control field | 260210b |||||||| |||| 00| 0 eng d |
| 082 ## - DEWEY DECIMAL CLASSIFICATION NUMBER | |
| Classification number | 342.54 |
| Item number | IND |
| 100 ## - MAIN ENTRY--PERSONAL NAME | |
| Personal name | Indian Government, भाषा संचालनालय महाराष्ट्र राज्य |
| 9 (RLIN) | 216702 |
| 245 ## - TITLE STATEMENT | |
| Title | भारताचे संविधान, Constitution of India |
| Remainder of title | २६ जानेवारी, २०१४ पर्यंत फेरबदल केल्याप्रमाणे, As Modifided Upto 26th January, 2014 |
| 250 ## - EDITION STATEMENT | |
| Edition statement | 7th |
| 260 ## - PUBLICATION, DISTRIBUTION, ETC. (IMPRINT) | |
| Name of publisher, distributor, etc. | भाषा संचालनालय महाराष्ट्र राज्य |
| Date of publication, distribution, etc. | 2014 |
| 300 ## - PHYSICAL DESCRIPTION | |
| Extent | XIX, 390 |
| 365 ## - TRADE PRICE | |
| Price amount | 1.00 |
| Currency code | Rs |
| 700 ## - ADDED ENTRY--PERSONAL NAME | |
| Personal name | Indian Government |
| 9 (RLIN) | 216702 |
| 760 ## - MAIN SERIES ENTRY | |
| Edition | 7th |
| 942 ## - ADDED ENTRY ELEMENTS (KOHA) | |
| Source of classification or shelving scheme | Dewey Decimal Classification |
| Koha item type | Books |
| Withdrawn status | Lost status | Source of classification or shelving scheme | Damaged status | Not for loan | Home library | Current library | Date acquired | Total Checkouts | Full call number | Barcode | Date last seen | Bill Date | Koha item type |
|---|---|---|---|---|---|---|---|---|---|---|---|---|---|
| Dewey Decimal Classification | Cummins College of Engineering for Women Pune | Cummins College of Engineering for Women Pune | 10/02/2026 | 342.54 IND | CCEP-DB-1142 | 10/02/2026 | 10/02/2026 | Books |